00879cam a22002654a 45000010009000000050017000090080041000260100017000670200028000840400018001120420008001300500021001380820016001591000022001752450107001972500013003042600035003173000033003525040051003856500037004366500012004736500058004856500033005437000037005761386015820160709125427.0050203s2006 maua b 001 0 eng  a 2005041576 a0072972807 (alk. paper) aDLCcDLCdDLC apcc00aGV341b.W85 200600a796/.072221 aWuest, Deborah A.10aFoundations of physical education, exercise science, and sport /cDeborah A. Wuest, Charles A. Bucher. a15th ed. aBoston :bMcGraw-Hill,cc2006. axv, 583 p. :bill. ;c24 cm. aIncludes bibliographical references and index. 0aPhysical education and training. 0aSports. 0aPhysical education and trainingxVocational guidance. 0aSportsxVocational guidance.1 aBucher, Charles Augustus,d1912-